000 00754cam a2200217 4500
001 WB3546-19
008 000000n1999 000 0 eng u
035 _a(Sirsi) u102388
245 _aOnline shopping poses threat
260 _c1999
490 _aScotsman
_v18 November 1999, 27(1)
520 _aLand Securities has warned that internet shopping will bring about great change in the retail market, with shoppers expecting more from shopping centres, including leisure facilities and fitness centres.
590 _aWB
650 _aLAND SECURITIES
650 _aRETAIL PROPERTY
650 _aSHOPPING CENTRES
650 _aE-COMMERCE
650 _aINTERNET SHOPPING
690 _aPROPERTY-COMMERCIAL PROPERTY-RETAIL PROPERTY
942 _n0
999 _c61408
_d61408